MARC details
| 000 -LEADER |
| campo de control de longitud fija |
02225nam a2200457 i 4500 |
| 001 - NÚMERO DE CONTROL |
| campo de control |
194933 |
| 003 - IDENTIFICADOR DE NÚMERO DE CONTROL |
| campo de control |
SpMaBN |
| 005 - FECHA Y HORA DE LA ÚLTIMA TRANSACCIÓN |
| campo de control |
20250728034804.0 |
| 008 - DATOS DE LONGITUD FIJA--INFORMACIÓN GENERAL |
| campo de control de longitud fija |
240522e2024 sp | |||| 000 spa |
| 015 ## - NÚMERO DE BIBLIOGRAFÍA NACIONAL |
| Número de bibliografía nacional |
MON24 |
| 017 ## - NÚMERO DE COPYRIGHT O DE DEPÓSITO LEGAL |
| Número de copyright o de depósito legal |
M 7214-2024 |
| 020 ## - NÚMERO INTERNACIONAL ESTÁNDAR DEL LIBRO |
| Número Internacional Estándar del Libro |
9788409594672 |
| 040 ## - FUENTE DE CATALOGACIÓN |
| Centro catalogador/agencia de origen |
SpMaBN |
| Lengua de catalogación |
spa |
| Centro/agencia transcriptor |
SpMaBN |
| Normas de descripción |
rda |
| 080 ## - NÚMERO DE LA CLASIFICACIÓN DECIMAL UNIVERSAL |
| Número de la Clasificación Decimal Universal |
77.03 |
| 245 00 - MENCIÓN DEL TÍTULO |
| Título |
Archivo fotográfico Banco de España : |
| Resto del título |
de la albúmina al píxel / |
| Mención de responsabilidad, etc. |
[comisarios, Juan Miguel Sánchez Vigil, Elena Serrano, Patricia Alonso] |
| 246 1# - FORMA VARIANTE DEL TITULO |
| Título propio/Titulo breve |
De la albúmina al píxel |
| 260 ## - PUBLICACIÓN, DISTRIBUCIÓN, ETC. |
| Lugar de publicación, distribución, etc. |
Madrid : |
| Nombre del editor, distribuidor, etc. |
Artes Gráficas Palermo, |
| Fecha de publicación, distribución, etc. |
2024 |
| 300 ## - DESCRIPCIÓN FÍSICA |
| Extensión |
79 páginas : |
| Otras características físicas |
fotografías ; |
| Dimensiones |
24 cm |
| 336 ## - TIPO DE CONTENIDO |
| Término de tipo de contenido |
Texto |
| Fuente |
rdacontent |
| 337 ## - TIPO DE MEDIO |
| Nombre/término del tipo de medio |
sin mediación |
| Fuente |
rdamedia |
| 338 ## - TIPO DE SOPORTE |
| Nombre/término del tipo de soporte |
volumen |
| Fuente |
rdacarrier |
| 500 ## - NOTA GENERAL |
| Nota general |
Folleto de la exposición "Archivo fotográfico Banco de España: de la albúmina al píxel" |
| 504 ## - NOTA DE BIBLIOGRAFÍA, ETC. |
| Nota de bibliografía, etc. |
Bibliografía: páginas 78-79 |
| 530 ## - NOTA DISPONIBLE DE FORMULARIO FÍSICO ADICIONAL |
| Nota de formato físico adicional disponible |
Disponible en formato digital |
| 585 ## - NOTA DE EXPOSICIONES |
| Nota de exposiciones |
La exposición "El Archivo fotográfico del Banco de España: de la albúmina al píxel" refleja la vida del Banco de España y del país desde la mitad del siglo XIX hasta la actualidad, a través de 300 imágenes de un centenar de fotógrafos de reconocido prestigio |
| 585 ## - NOTA DE EXPOSICIONES |
| Nota de exposiciones |
Exposición celebrada en la sala de exposiciones del Banco de España, Madrid, del 9 de abril al 20 de julio de 2024 |
| 650 #7 - PUNTO DE ACCESO ADICIONAL DE MATERIA--TÉRMINO DE MATERIA |
| Término de materia o nombre geográfico como elemento de entrada |
Fotografía |
| Fuente del encabezamiento o término |
embne |
| 9 (RLIN) |
12943 |
| 650 #7 - PUNTO DE ACCESO ADICIONAL DE MATERIA--TÉRMINO DE MATERIA |
| Término de materia o nombre geográfico como elemento de entrada |
Fotografía documental |
| Fuente del encabezamiento o término |
embne |
| 9 (RLIN) |
12964 |
| 655 #7 - TERMINO DE INDIZACIÓN--GENERO/FORMA |
| Fuente del término |
tgfbne |
| 9 (RLIN) |
193628 |
| Datos o término principal de género/forma |
Catálogos de exposiciones |
| 700 1# - ENTRADA AGREGADA--NOMBRE PERSONAL |
| Nombre de persona |
Sánchez Vigil, Juan Miguel, |
| Fechas asociadas al nombre |
1956- |
| Término indicativo de función/relación |
Comisario |
| 9 (RLIN) |
226419 |
| 700 ## - ENTRADA AGREGADA--NOMBRE PERSONAL |
| 9 (RLIN) |
237844 |
| Nombre de persona |
Serrano García, Elena, |
| Fechas asociadas al nombre |
1963- |
| Término indicativo de función/relación |
Comisario |
| 700 ## - ENTRADA AGREGADA--NOMBRE PERSONAL |
| Nombre de persona |
Alonso del Torno, Patricia |
| Término indicativo de función/relación |
Comisario |
| 9 (RLIN) |
238711 |
| 710 2# - ENTRADA AGREGADA--NOMBRE DE ENTIDAD CORPORATIVA |
| 9 (RLIN) |
2104 |
| Nombre de entidad corporativa o nombre de jurisdicción como elemento de entrada |
Banco de España |
| Término indicativo de función/relación |
entidad responsable |
| 852 ## - LOCALIZACIÓN |
| Ubicación |
ES-MaACL |
| Ubicación en estantería |
Depósito J |
| Signatura antigua |
DB-93 |
| Donativo/Legado |
Donación: José Lázaro García |
| Número de control de estantería |
N-9902 |
| itemnumber |
205816 |
| 856 ## - LOCALIZACIÓN Y ACCESO ELECTRÓNICOS |
| Identificador Uniforme de Recursos |
<a href="https://coleccion.bde.es/f/webca/ADS/Exposiciones/Folletos/FolletoExposicionArchivoFotograficoBDE.pdf">https://coleccion.bde.es/f/webca/ADS/Exposiciones/Folletos/FolletoExposicionArchivoFotograficoBDE.pdf</a> |
| Texto de enlace |
Versión en línea |
| Nota pública |
(Banco de España) |
| 903 ## - NOMBRE PERSONAL DE DONANTE |
| 9 |
234219 |
| a |
Lázaro García, José |
| e |
Donante |
| 942 ## - ELEMENTOS DE ENTRADA SECUNDARIOS (KOHA) |
| Tipo de ítem Koha |
Libro impreso |
| Suprimir en OPAC |
No |